000 00401nam a2200133Ia 4500
008 100328s9999 xx 000 0 und d
082 _b51462
100 _aरानडे जयंत
245 _aशूरा मी वंदिले
260 _bपार्टनर
630 _aशूरा मी वंदिले
730 _aशूरा मी वंदिले
942 _cBOOK
999 _c538407
_d538404